[Event "SLO-chT2 West"]
[Site "Slovenia"]
[Date "2010.11.12"]
[Round "6.5"]
[White "Slejko, Franc"]
[Black "Konvalinka, Kostja"]
[Result "1/2-1/2"]
[WhiteElo "1848"]
[BlackElo "1779"]
[PlyCount "38"]
[EventDate "2010.11.05"]
[EventType "team-tourn"]
[EventRounds "9"]
[EventCountry "SLO"]
[SourceTitle "EXT 2022"]
[Source "ChessBase"]
[SourceDate "2021.10.06"]
[SourceVersion "1"]
[SourceVersionDate "2021.10.06"]
[SourceQuality "1"]

1. e4 c5 2. Bc4 d6 3. d4 cxd4 4. Qxd4 Nc6 5. Qc3 Nf6 6. f3 e6 7. Bg5 Be7 8. Nd2 0-0 9. h4 h6 10. 0-0-0 Bd7 11. g4 Rc8 12. Qe3 Ne5 13. Bb3 Nfxg4 14. fxg4 Nxg4 15. Qg3 Bxg5 16. hxg5 Qxg5 17. Ngf3 Qg6 18. Qxd6 Rfd8 19. Qg3 Rc5 1/2-1/2